[Event "Kingston Invitational Masters"]
[Site "Kingston University"]
[Date "2023.07.28"]
[Round "9.3"]
[White "Lalic, Peter D"]
[Black "Large, Peter G"]
[Result "0-1"]
[WhiteElo "2103"]
[BlackElo "2235"]
[PlyCount "130"]
[EventDate "2023.07.24"]
[EventType "tourn"]
[EventRounds "9"]
[EventCountry "ENG"]
[SourceTitle "BritBase"]
[Source "John Saunders"]
[SourceDate "2023.07.31"]
[SourceVersion "1"]
[SourceVersionDate "2023.07.31"]
[SourceQuality "1"]

1. e4 c6 2. Nc3 d5 3. Nf3 dxe4 4. Nxe4 Nf6 5. Nxf6+ exf6 6. Bc4 b5 7. Bb3 Qe7+
8. Qe2 Qxe2+ 9. Kxe2 Bd6 10. Re1 O-O 11. Kf1 Na6 12. d4 Nb4 13. Bd2 a5 14. Bxb4
Bxb4 15. c3 Bd6 16. Nd2 Bf5 17. Ne4 Bxh2 18. Bc2 Bxe4 19. Bxe4 Bd6 20. Bxc6
Rab8 21. Re2 Rfc8 22. Bd5 a4 23. Rc1 f5 24. b3 a3 25. Rcc2 g5 26. g3 g4 27. Kg2
Kg7 28. c4 bxc4 29. bxc4 Rb4 30. Rcd2 f4 31. gxf4 Bxf4 32. Rd3 Rb2 33. Re7 Rc7
34. Re4 Bg5 35. Rxg4 Kg6 36. Rxa3 h5 37. Ra6+ f6 38. Rg3 h4 39. Rb3 Re2 40. Bf3
Re1 41. Bd5 Kh5 42. Bf3+ Kg6 43. Bd5 Kh5 44. Rb7 Rc8 45. Raa7 Kg4 46. Rh7 Rce8
47. Bf7 Rb8 48. Bg6 Rb2 49. Ra3 Be3 50. Bh5+ Kg5 51. Rxe3 Rxe3 52. Bf3 Rc3 53.
Rh5+ Kg6 54. Rxh4 Rxc4 55. Bd5 Kg5 56. Bxc4 Kxh4 57. Bb3 Rd2 58. d5 Kg4 59. Bc4
f5 60. Kf1 Kf3 61. Ke1 Rxf2 62. d6 Ke3 63. Bd3 Rxa2 64. d7 Ra1+ 65. Bb1 Rxb1#
0-1

[Event "Kingston Invitational Masters"]
[Site "Kingston University"]
[Date "2023.07.28"]
[Round "9.4"]
[White "Baker, Chris W"]
[Black "Buckley, Graeme N"]
[Result "1/2-1/2"]
[WhiteElo "2254"]
[BlackElo "2345"]
[PlyCount "123"]
[EventDate "2023.07.24"]
[EventType "tourn"]
[EventRounds "9"]
[EventCountry "ENG"]
[SourceTitle "BritBase"]
[Source "John Saunders"]
[SourceDate "2023.07.31"]
[SourceVersion "1"]
[SourceVersionDate "2023.07.31"]
[SourceQuality "1"]

1. Nf3 c5 2. c4 Nf6 3. g3 e6 4. Bg2 d5 5. O-O Nc6 6. d4 Be7 7. cxd5 exd5 8. Nc3
O-O 9. Bg5 cxd4 10. Nxd4 h6 11. Be3 Re8 12. Rc1 Bf8 13. Nxc6 bxc6 14. Na4 Bd7
15. Nc5 Bg4 16. Re1 Qa5 17. Bd4 Nd7 18. Nxd7 Bxd7 19. a3 Rad8 20. Qd3 Bg4 21.
e3 Re6 22. Bc3 Qb6 23. Qd4 Rg6 24. Qa4 c5 25. b4 Bd7 26. bxc5 Bxa4 27. cxb6
axb6 28. Bb4 Bxb4 29. axb4 Rgd6 30. h4 g5 31. hxg5 hxg5 32. Rc7 Kg7 33. Ra7 b5
34. Bf3 Rc8 35. Bh5 Rf6 36. e4 dxe4 37. Rxe4 Rc1+ 38. Kg2 Bb3 39. Re5 Rc2 40.
Bf3 Kh6 41. Ra1 Rc4 42. Rh1+ Kg6 43. Bh5+ Kg7 44. Rxg5+ Kf8 45. Rxb5 Ba4 46.
Rb8+ Kg7 47. Rh4 Bc6+ 48. f3 Rc2+ 49. Kh3 Bxf3 50. Bxf3 Rxf3 51. Rf4 Rxf4 52.
gxf4 Kg6 53. Rb5 f5 54. Kh4 Rh2+ 55. Kg3 Rb2 56. Rb8 Kh5 57. Rh8+ Kg6 58. Rg8+
Kh6 59. Rg5 Rxb4 60. Rxf5 Kg6 61. Ra5 Rb1 62. Kg4 1/2-1/2

[Event "Kingston Invitational Masters"]
[Site "Kingston University"]
[Date "2023.07.28"]
[Round "9.5"]
[White "Bezuidenhout, Roland"]
[Black "Murphy, Conor E"]
[Result "1/2-1/2"]
[WhiteElo "2217"]
[BlackElo "2452"]
[PlyCount "60"]
[EventDate "2023.07.24"]
[EventType "tourn"]
[EventRounds "9"]
[EventCountry "ENG"]
[SourceTitle "BritBase"]
[Source "John Saunders"]
[SourceDate "2023.07.31"]
[SourceVersion "1"]
[SourceVersionDate "2023.07.31"]
[SourceQuality "1"]

1. c4 e5 2. g3 d6 3. Bg2 f5 4. Nc3 Nf6 5. d3 Be7 6. e4 fxe4 7. Nxe4 Nc6 8. Ne2
Bg4 9. h3 Bh5 10. Be3 O-O 11. O-O Nxe4 12. Bxe4 Bg5 13. Qd2 Bxe3 14. fxe3 Qg5
15. Kg2 Nd4 16. Nxd4 exd4 17. Rf4 dxe3 18. Qxe3 Rxf4 19. Qxf4 Qxf4 20. gxf4 c6
21. b4 Rd8 22. Rc1 Be8 23. Kf2 h6 24. a4 Kf7 25. Ke3 Kf6 26. Kd4 Bd7 27. h4 Be6
28. b5 c5+ 29. Ke3 b6 30. a5 d5 1/2-1/2

[Event "Kingston Invitational FIDE"]
[Site "Kingston University"]
[Date "2023.07.24"]
[Round "1.1"]
[White "Hill, Alistair"]
[Black "Varney, Zoe"]
[Result "1/2-1/2"]
[WhiteElo "2173"]
[BlackElo "2020"]
[PlyCount "104"]
[EventDate "2023.07.24"]
[EventType "tourn"]
[EventRounds "9"]
[EventCountry "ENG"]
[SourceTitle "BritBase"]
[Source "John Saunders"]
[SourceDate "2023.07.31"]
[SourceVersion "1"]
[SourceVersionDate "2023.07.31"]
[SourceQuality "1"]

1. Nf3 d5 2. g3 e6 3. Bg2 c5 4. O-O Nc6 5. c4 Nf6 6. d4 dxc4 7. dxc5 Qxd1 8.
Rxd1 Bxc5 9. Nbd2 c3 10. bxc3 O-O 11. Nb3 Be7 12. Nbd4 Nxd4 13. cxd4 Nd5 14.
Bd2 Bd7 15. Rab1 Ba4 16. Rdc1 Ba3 17. Rc4 b5 18. Rc6 Rfc8 19. Ne5 Rxc6 20. Nxc6
Rc8 21. Bxd5 exd5 22. Nxa7 Rc2 23. Bb4 Bxb4 24. Rxb4 Rc4 25. a3 Kf8 26. e3 Ke7
27. Rb2 Rc7 28. Nxb5 Rb7 29. Nc3 Rxb2 30. Nxa4 Rb3 31. Nc5 Rxa3 32. Kg2 f5 33.
h4 h6 34. Kf3 Ra2 35. Nd3 Kd6 36. h5 Ra3 37. Nf4 Ra5 38. Ke2 Ke7 39. Kf3 Kf6
40. Kg2 Kg5 41. Kf3 Rb5 42. Ne6+ Kf6 43. Nf4 Kg5 44. Ne6+ Kxh5 45. Nxg7+ Kg6
46. Ne6 Kf6 47. Nf4 Ke7 48. Ng6+ Kd6 49. Nh4 Ke6 50. Kf4 Rb7 51. f3 Rf7 52. Ng6
Kf6 1/2-1/2

[Event "Kingston Invitational FIDE"]
[Site "Kingston University"]
[Date "2023.07.24"]
[Round "1.2"]
[White "Seymour, Timothy P"]
[Black "Taylor, William J"]
[Result "1-0"]
[WhiteElo "2086"]
[BlackElo "1985"]
[PlyCount "55"]
[EventDate "2023.07.24"]
[EventType "tourn"]
[EventRounds "9"]
[EventCountry "ENG"]
[SourceTitle "BritBase"]
[Source "John Saunders"]
[SourceDate "2023.07.31"]
[SourceVersion "1"]
[SourceVersionDate "2023.07.31"]
[SourceQuality "1"]

1. Nf3 d5 2. e3 Nf6 3. c4 e6 4. d4 a6 5. b3 Nbd7 6. Bb2 b6 7. Bd3 Bb7 8. O-O
Bd6 9. Nbd2 O-O 10. Rc1 Ne4 11. Qc2 f5 12. cxd5 Nxd2 13. Nxd2 Bxd5 14. e4 fxe4
15. Nxe4 Bf4 16. Rcd1 g6 17. Rfe1 Nf6 18. g3 Nxe4 19. Bxe4 Bd6 20. Bxg6 hxg6
21. Qxg6+ Kh8 22. Rxe6 Rxf2 23. Qh6+ Kg8 24. Rg6+ Kf7 25. Rg7+ Ke8 26. Re1+ Kf8
27. Qh8+ Bg8 28. Qxg8# 1-0

[Event "Kingston Invitational FIDE"]
[Site "Kingston University"]
[Date "2023.07.24"]
[Round "1.3"]
[White "Johnson, Daniel"]
[Black "Healey, Michael W"]
[Result "0-1"]
[WhiteElo "2224"]
[BlackElo "2136"]
[PlyCount "116"]
[EventDate "2023.07.24"]
[EventType "tourn"]
[EventRounds "9"]
[EventCountry "ENG"]
[SourceTitle "BritBase"]
[Source "John Saunders"]
[SourceDate "2023.07.31"]
[SourceVersion "1"]
[SourceVersionDate "2023.07.31"]
[SourceQuality "1"]

1. d4 d5 2. c4 e6 3. Nc3 Nf6 4. cxd5 exd5 5. Bg5 c6 6. e3 Bf5 7. Qf3 Bg6 8.
Bxf6 Qxf6 9. Qxf6 gxf6 10. h4 a5 11. h5 Bf5 12. Kd2 Rg8 13. g3 Nd7 14. Bh3 Be6
15. Nge2 O-O-O 16. Nf4 f5 17. Rac1 Kb8 18. Ke2 Nf6 19. Nb1 Bh6 20. Nd2 Rde8 21.
Nb3 Bc8 22. Nxa5 Ne4 23. Rhg1 c5 24. Nb3 b6 25. Nxd5 Ba6+ 26. Ke1 Bb7 27. Nxb6
Nxf2 28. Nd7+ Ka7 29. Bxf5 Rxe3+ 30. Kxf2 Rf3+ 31. Ke2 Re8+ 32. Kd1 Bxc1 33.
Kxc1 Rxf5 34. Nbxc5 Re2 35. Na4 Rff2 36. Ndc5 Bc8 37. Kb1 Rd2 38. Ka1 Rxd4 39.
Nc3 Kb8 40. N5e4 Rh2 41. g4 h6 42. a4 Be6 43. Rf1 Bxg4 44. Ka2 Be6+ 45. Ka3
Rxh5 46. Rg1 Re5 47. Rg8+ Kb7 48. Nf6 Re1 49. b3 Re3 50. Kb2 Rd2+ 51. Kc1 Rh2
52. Nd1 Rd3 53. Ne4 Kc6 54. b4 Rd4 55. b5+ Kc7 56. Ndc3 Bf5 57. Re8 Bxe4 58.
Nxe4 Rxa4 0-1

[Event "Kingston Invitational FIDE"]
[Site "Kingston University"]
[Date "2023.07.24"]
[Round "1.4"]
[White "Bergsson, Stefan"]
[Black "Makepeace, Philip J"]
[Result "1-0"]
[WhiteElo "2169"]
[BlackElo "2055"]
[PlyCount "113"]
[EventDate "2023.07.24"]
[EventType "tourn"]
[EventRounds "9"]
[EventCountry "ENG"]
[SourceTitle "BritBase"]
[Source "John Saunders"]
[SourceDate "2023.07.31"]
[SourceVersion "1"]
[SourceVersionDate "2023.07.31"]
[SourceQuality "1"]

1. d4 Nf6 2. c4 e6 3. Nf3 c5 4. d5 b5 5. dxe6 fxe6 6. cxb5 a6 7. bxa6 Bxa6 8.
g3 Be7 9. Bg2 Nc6 10. O-O O-O 11. Re1 Qb6 12. Nc3 Rad8 13. Qc2 d5 14. Ng5 Nd4
15. Qb1 h6 16. Nf3 Nxf3+ 17. exf3 d4 18. Nd1 Nd5 19. Bxh6 Bf6 20. Bh3 Rfe8 21.
Qg6 Bc8 22. Bg5 Bxg5 23. Qxg5 Nb4 24. Qg6 Qc6 25. Re4 e5 26. Qxc6 Nxc6 27. Bxc8
Rxc8 28. b3 Nb4 29. Nb2 Ra8 30. a3 d3 31. Na4 Nc2 32. Rd1 Rad8 33. Nxc5 d2 34.
a4 Rd5 35. b4 Rb8 36. Nb3 Nxb4 37. Rxd2 Nd3 38. Nc1 Rb1 39. Rc4 Kf7 40. Rdc2
Ne1 41. Rc7+ Kg8 42. R2c3 Rd1 43. Kf1 Rb2 44. a5 Nd3+ 45. Kg2 Rxf2+ 46. Kh3
Nxc1 47. Rxc1 Rxc1 48. Rxc1 Rxf3 49. Ra1 Rf7 50. a6 Ra7 51. Kg4 g6 52. Kf3 Kf7
53. h4 Ke7 54. Ke4 Ke6 55. g4 Kf6 56. Ra5 g5 57. h5 1-0

[Event "Kingston Invitational FIDE"]
[Site "Kingston University"]
[Date "2023.07.24"]
[Round "1.5"]
[White "Josse, Mark"]
[Black "Willmoth, Robert F"]
[Result "1/2-1/2"]
[WhiteElo "2175"]
[BlackElo "2129"]
[PlyCount "58"]
[EventDate "2023.07.24"]
[EventType "tourn"]
[EventRounds "9"]
[EventCountry "ENG"]
[SourceTitle "BritBase"]
[Source "John Saunders"]
[SourceDate "2023.07.31"]
[SourceVersion "1"]
[SourceVersionDate "2023.07.31"]
[SourceQuality "1"]

1. e4 d6 2. d4 g6 3. Nc3 Bg7 4. Be3 a6 5. h4 h5 6. Qd2 b5 7. Nh3 Bxh3 8. Rxh3
Nd7 9. a3 Ngf6 10. f3 e6 11. Be2 Qb8 12. Nd1 c5 13. c3 Qc7 14. a4 Rb8 15. b4
O-O 16. a5 Rfc8 17. Rh1 Qd8 18. Kf2 Qe7 19. Nb2 Rb7 20. Bg5 Qf8 21. Rac1 Nh7
22. Be3 c4 23. Rcg1 f5 24. Ke1 Ndf6 25. Qc2 Bh6 26. Nd1 Bxe3 27. Nxe3 Qh6 28.
Nf1 Rf7 29. Qd2 Qg7 1/2-1/2

[Event "Kingston Invitational FIDE"]
[Site "Kingston University"]
[Date "2023.07.25"]
[Round "2.1"]
[White "Varney, Zoe"]
[Black "Willmoth, Robert F"]
[Result "1/2-1/2"]
[WhiteElo "2020"]
[BlackElo "2129"]
[PlyCount "46"]
[EventDate "2023.07.24"]
[EventType "tourn"]
[EventRounds "9"]
[EventCountry "ENG"]
[SourceTitle "BritBase"]
[Source "John Saunders"]
[SourceDate "2023.07.31"]
[SourceVersion "1"]
[SourceVersionDate "2023.07.31"]
[SourceQuality "1"]

1. d4 Nf6 2. c4 g6 3. g3 d5 4. cxd5 Nxd5 5. e4 Nb6 6. Nc3 Bg7 7. Nge2 Nc6 8. d5
Nb8 9. Bg2 O-O 10. O-O c6 11. Qb3 e6 12. Rd1 exd5 13. exd5 c5 14. Be3 Na6 15.
Rac1 Bd7 16. Rd2 Bf5 17. a4 Qd7 18. a5 Nc8 19. Qa3 Nd6 20. Na4 Qb5 21. Bxc5
Nxc5 22. Rxc5 Qd7 23. Qb4 Rfe8 1/2-1/2

[Event "Kingston Invitational FIDE"]
[Site "Kingston University"]
[Date "2023.07.25"]
[Round "2.2"]
[White "Makepeace, Philip J"]
[Black "Josse, Mark"]
[Result "1/2-1/2"]
[WhiteElo "2055"]
[BlackElo "2175"]
[PlyCount "126"]
[EventDate "2023.07.24"]
[EventType "tourn"]
[EventRounds "9"]
[EventCountry "ENG"]
[SourceTitle "BritBase"]
[Source "John Saunders"]
[SourceDate "2023.07.31"]
[SourceVersion "1"]
[SourceVersionDate "2023.07.31"]
[SourceQuality "1"]

1. e4 c5 2. Nf3 d6 3. Bb5+ Nd7 4. O-O a6 5. Be2 Ngf6 6. d3 g6 7. a4 Bg7 8. Nc3
O-O 9. a5 b5 10. axb6 Qxb6 11. Nd2 Qc7 12. Nc4 Nb6 13. Na5 Bd7 14. Bf3 Ra7 15.
Be3 e5 16. h3 Rb8 17. Qd2 Be8 18. Ra2 Raa8 19. Rfa1 Bd7 20. b3 Bc8 21. Bg5 Bb7
22. Re1 Kh8 23. Bxf6 Bxf6 24. Nd5 Nxd5 25. exd5 Kg7 26. Nc6 Bxc6 27. dxc6 Rb4
28. Re4 a5 29. Rxb4 cxb4 30. Qe3 Rb8 31. Qe4 Rb5 32. Qc4 Rc5 33. Qa6 d5 34. Qb7
Bd8 35. Kf1 f5 36. d4 exd4 37. Ke2 Kf6 38. Qxc7 Bxc7 39. Kd3 Ke5 40. Ra1 Rc3+
41. Kd2 d3 42. cxd3 Rxb3 43. Re1+ Kd4 44. Re7 Bf4+ 45. Ke2 Rb2+ 46. Kf1 Rb1+
47. Ke2 Rb2+ 48. Kf1 Rc2 49. Rd7 Rc5 50. Bd1 Kxd3 51. g3 Be5 52. f4 Bb8 53. Ba4
Kc3 54. Rb7 Bd6 55. Rd7 b3 56. Rb7 b2 57. Rb3+ Kc4 58. Rxb2 d4 59. Ke2 g5 60.
fxg5 Bxg3 61. Kf3 Be5 62. Rb7 d3 63. Rxh7 Kb4 1/2-1/2

[Event "Kingston Invitational FIDE"]
[Site "Kingston University"]
[Date "2023.07.25"]
[Round "2.3"]
[White "Healey, Michael W"]
[Black "Bergsson, Stefan"]
[Result "1-0"]
[WhiteElo "2136"]
[BlackElo "2169"]
[PlyCount "59"]
[EventDate "2023.07.24"]
[EventType "tourn"]
[EventRounds "9"]
[EventCountry "ENG"]
[SourceTitle "BritBase"]
[Source "John Saunders"]
[SourceDate "2023.07.31"]
[SourceVersion "1"]
[SourceVersionDate "2023.07.31"]
[SourceQuality "1"]

1. e4 e6 2. d4 d5 3. e5 c5 4. c3 Bd7 5. Nf3 Qb6 6. Bd3 Bb5 7. dxc5 Bxc5 8. b4
Bxd3 9. Qxd3 Be7 10. O-O Nd7 11. Na3 Rc8 12. Be3 Qa6 13. Nb5 Nb6 14. a4 Nh6 15.
Bxh6 gxh6 16. Nfd4 Nc4 17. f4 O-O 18. a5 Kh8 19. Qh3 b6 20. axb6 Qxb6 21. Rxa7
Nd2 22. Rfa1 Qd8 23. f5 Bg5 24. Nd6 Rc7 25. R7a3 exf5 26. Qxf5 Be3+ 27. Kh1 Qg5
28. Ra8 Qg7 29. Rxf8+ Qxf8 30. Ne6 1-0

[Event "Kingston Invitational FIDE"]
[Site "Kingston University"]
[Date "2023.07.25"]
[Round "2.4"]
[White "Taylor, William J"]
[Black "Johnson, Daniel"]
[Result "1/2-1/2"]
[WhiteElo "1985"]
[BlackElo "2224"]
[PlyCount "160"]
[EventDate "2023.07.24"]
[EventType "tourn"]
[EventRounds "9"]
[EventCountry "ENG"]
[SourceTitle "BritBase"]
[Source "John Saunders"]
[SourceDate "2023.07.31"]
[SourceVersion "1"]
[SourceVersionDate "2023.07.31"]
[SourceQuality "1"]

1. e4 c6 2. d4 d5 3. exd5 cxd5 4. Bd3 Nf6 5. h3 g6 6. Nf3 Bg7 7. O-O O-O 8. Re1
Nc6 9. c3 Bf5 10. Bf1 Qc7 11. Be3 Rad8 12. Nbd2 Ne4 13. Rc1 Qb8 14. Ng5 Nf6 15.
Ngf3 Rfe8 16. g3 Be6 17. Bg2 h6 18. Kh2 Nh5 19. Nb3 b6 20. Rc2 Bd7 21. Rce2 e6
22. Nc1 Ne7 23. Nd3 Bb5 24. Kg1 Nf6 25. Nfe5 Qc8 26. a4 Ba6 27. Qb3 Ne4 28. Rd1
Nf5 29. Ree1 Nfd6 30. Nb4 Bb7 31. a5 bxa5 32. Nbd3 Qc7 33. Ra1 Nc4 34. Bxe4
dxe4 35. Qxc4 Qxc4 36. Nxc4 exd3 37. Rxa5 a6 38. f4 Bf8 39. Kf2 Bd5 40. Ne5 Rb8
41. b4 Rec8 42. Bd2 Bc6 43. Nxd3 Bb5 44. Ne5 Bd6 45. Ke3 Bc7 46. Ra3 Bb6 47.
Rc1 Rd8 48. Nd3 Rbc8 49. Nc5 Bxc5 50. bxc5 Rxc5 51. dxc5 Rd3+ 52. Ke4 f5+ 53.
Ke5 Kf7 54. c4 Rxd2 55. Raa1 Bxc4 56. Rd1 Re2+ 57. Kd6 Bb5 58. c6 Bxc6 59. Kxc6
Re3 60. Rd7+ Kf6 61. Rxa6 Rxg3 62. h4 Rg4 63. Raa7 Rxf4 64. Rf7+ Ke5 65. Ra5+
Ke4 66. Rf6 g5 67. Rxe6+ Kf3 68. hxg5 hxg5 69. Rf6 g4 70. Raxf5 Rxf5 71. Rxf5+
Ke4 72. Rg5 Kf3 73. Kd5 g3 74. Kd4 g2 75. Kd3 Kf2 76. Rf5+ Ke1 77. Re5+ Kf1 78.
Rf5+ Ke1 79. Rg5 Kf1 80. Rxg2 Kxg2 1/2-1/2

[Event "Kingston Invitational FIDE"]
[Site "Kingston University"]
[Date "2023.07.25"]
[Round "2.5"]
[White "Hill, Alistair"]
[Black "Seymour, Timothy P"]
[Result "1/2-1/2"]
[WhiteElo "2173"]
[BlackElo "2086"]
[PlyCount "51"]
[EventDate "2023.07.24"]
[EventType "tourn"]
[EventRounds "9"]
[EventCountry "ENG"]
[SourceTitle "BritBase"]
[Source "John Saunders"]
[SourceDate "2023.07.31"]
[SourceVersion "1"]
[SourceVersionDate "2023.07.31"]
[SourceQuality "1"]

1. c4 e6 2. g3 d5 3. Bg2 Nf6 4. Nf3 dxc4 5. O-O a6 6. Qc2 c5 7. Ne5 Ra7 8. a4
b6 9. Qxc4 Bb7 10. Bxb7 Rxb7 11. b3 Bd6 12. Bb2 Qc7 13. Ng4 Nxg4 14. Qxg4 Be5
15. Bxe5 Qxe5 16. Na3 b5 17. axb5 axb5 18. e3 O-O 19. Qe2 Nc6 20. Nxb5 Rfb8 21.
Qf3 Rxb5 22. Qxc6 R5b6 23. Qd7 R6b7 24. Qc6 Rb6 25. Qd7 R6b7 26. Qc6 1/2-1/2

[Event "Kingston Invitational FIDE"]
[Site "Kingston University"]
[Date "2023.07.25"]
[Round "3.1"]
[White "Seymour, Timothy P"]
[Black "Varney, Zoe"]
[Result "1/2-1/2"]
[WhiteElo "2086"]
[BlackElo "2020"]
[PlyCount "60"]
[EventDate "2023.07.24"]
[EventType "tourn"]
[EventRounds "9"]
[EventCountry "ENG"]
[SourceTitle "BritBase"]
[Source "John Saunders"]
[SourceDate "2023.07.31"]
[SourceVersion "1"]
[SourceVersionDate "2023.07.31"]
[SourceQuality "1"]

1. Nf3 Nf6 2. e3 g6 3. b3 Bg7 4. Bb2 O-O 5. d4 b6 6. Be2 Bb7 7. O-O c5 8. c4 e6
9. Nc3 cxd4 10. Nxd4 Nc6 11. Bf3 d5 12. Nxc6 Bxc6 13. Qe2 Ne4 14. Rac1 Rc8 15.
Rfd1 Nxc3 16. Bxc3 Bxc3 17. Rxc3 Qf6 18. Rdc1 dxc4 19. Bxc6 Rxc6 20. Rxc4 Rxc4
21. Qxc4 Rd8 22. Qc2 Rd5 23. h3 Kg7 24. Rd1 Rc5 25. Qd2 Ra5 26. a4 Rd5 27. Qe2
Rxd1+ 28. Qxd1 Qb2 29. g3 Qc3 30. Qd7 Qxb3 1/2-1/2

[Event "Kingston Invitational FIDE"]
[Site "Kingston University"]
[Date "2023.07.25"]
[Round "3.2"]
[White "Johnson, Daniel"]
[Black "Hill, Alistair"]
[Result "0-1"]
[WhiteElo "2224"]
[BlackElo "2173"]
[PlyCount "86"]
[EventDate "2023.07.24"]
[EventType "tourn"]
[EventRounds "9"]
[EventCountry "ENG"]
[SourceTitle "BritBase"]
[Source "John Saunders"]
[SourceDate "2023.07.31"]
[SourceVersion "1"]
[SourceVersionDate "2023.07.31"]
[SourceQuality "1"]

1. d4 Nf6 2. c4 e6 3. Nc3 Bb4 4. Qc2 d6 5. Nf3 O-O 6. g3 e5 7. dxe5 dxe5 8.
Nxe5 Qe7 9. Nf3 Re8 10. a3 Bg4 11. Bg2 Bf5 12. Qd1 Bxc3+ 13. bxc3 Be4 14. O-O
h6 15. Bf4 Na6 16. Re1 Rad8 17. Qc1 Qc5 18. Be3 Qc6 19. Bd4 Nc5 20. Qf4 Ne6 21.
Qh4 Nxd4 22. cxd4 Qxc4 23. Rac1 Qa4 24. Rxc7 Bc6 25. d5 Qa5 26. Rxc6 bxc6 27.
dxc6 Re4 28. Qh3 Rc4 29. Rb1 Rxc6 30. Qh4 Qxa3 31. Qf4 Rdc8 32. Bf1 Rc1 33. Rb7
Qa1 34. Nd2 Rd8 35. Kg2 g5 36. Qe3 Rxd2 37. Qxd2 Rxf1 38. Qd8+ Kg7 39. Qd3 Rg1+
40. Kf3 Qe5 41. e3 g4+ 42. Ke2 Qa1 43. Qd4 Re1+ 0-1

[Event "Kingston Invitational FIDE"]
[Site "Kingston University"]
[Date "2023.07.25"]
[Round "3.3"]
[White "Bergsson, Stefan"]
[Black "Taylor, William J"]
[Result "0-1"]
[WhiteElo "2169"]
[BlackElo "1985"]
[PlyCount "89"]
[EventDate "2023.07.24"]
[EventType "tourn"]
[EventRounds "9"]
[EventCountry "ENG"]
[SourceTitle "BritBase"]
[Source "John Saunders"]
[SourceDate "2023.07.31"]
[SourceVersion "1"]
[SourceVersionDate "2023.07.31"]
[SourceQuality "1"]

1. e4 c5 2. Nf3 Nc6 3. Bc4 e6 4. Nc3 Nf6 5. Qe2 Nd4 6. Nxd4 cxd4 7. Nb5 Qb6 8.
e5 a6 9. exf6 axb5 10. fxg7 Bxg7 11. Bxb5 Qc5 12. a4 Qxc2 13. O-O b6 14. Ra3
Bb7 15. Rg3 Bf6 16. b3 Qe4 17. Qh5 Qh4 18. Qe2 Qe4 19. Qd1 h5 20. Re1 Qd5 21.
f3 Bh4 22. d3 Bxg3 23. hxg3 h4 24. Bf4 f6 25. Qe2 Kf7 26. g4 Ba6 27. Bxa6 Rxa6
28. g5 fxg5 29. Be5 Rg8 30. f4 g4 31. Qf2 h3 32. Re4 Qxb3 33. f5 Ke8 34. f6 Rf8
35. Qxd4 hxg2 36. Kxg2 Qc2+ 37. Kg3 Qc5 38. Qa1 Qd5 39. Qc1 Ra8 40. Qg5 Qxd3+
41. Re3 Qh7 42. Bd6 Ra5 43. Qf4 Rf5 44. Qxg4 Rg8 45. Re5 0-1

[Event "Kingston Invitational FIDE"]
[Site "Kingston University"]
[Date "2023.07.25"]
[Round "3.4"]
[White "Josse, Mark"]
[Black "Healey, Michael W"]
[Result "1/2-1/2"]
[WhiteElo "2175"]
[BlackElo "2136"]
[PlyCount "33"]
[EventDate "2023.07.24"]
[EventType "tourn"]
[EventRounds "9"]
[EventCountry "ENG"]
[SourceTitle "BritBase"]
[Source "John Saunders"]
[SourceDate "2023.07.31"]
[SourceVersion "1"]
[SourceVersionDate "2023.07.31"]
[SourceQuality "1"]

1. d4 d5 2. c4 e6 3. Nf3 Nf6 4. g3 dxc4 5. Bg2 Bb4+ 6. Bd2 a5 7. O-O O-O 8. Qc2
Nc6 9. Qxc4 Qd5 10. Qxd5 exd5 11. Bf4 Bg4 12. e3 Ne8 13. h3 Bf5 14. a3 Bd6 15.
Bxd6 Nxd6 16. Nc3 Ne7 17. Ne5 1/2-1/2

[Event "Kingston Invitational FIDE"]
[Site "Kingston University"]
[Date "2023.07.25"]
[Round "3.5"]
[White "Willmoth, Robert F"]
[Black "Makepeace, Philip J"]
[Result "1/2-1/2"]
[WhiteElo "2129"]
[BlackElo "2055"]
[PlyCount "75"]
[EventDate "2023.07.24"]
[EventType "tourn"]
[EventRounds "9"]
[EventCountry "ENG"]
[SourceTitle "BritBase"]
[Source "John Saunders"]
[SourceDate "2023.07.31"]
[SourceVersion "1"]
[SourceVersionDate "2023.07.31"]
[SourceQuality "1"]

1. Nf3 Nf6 2. e3 d5 3. c4 e6 4. b3 Be7 5. Bb2 O-O 6. Nc3 c5 7. cxd5 exd5 8. d4
b6 9. Be2 Bb7 10. O-O Ne4 11. Rc1 Nxc3 12. Bxc3 Nc6 13. Qd2 cxd4 14. Nxd4 Nxd4
15. Bxd4 Qd7 16. h3 Ba3 17. Bb2 Bxb2 18. Qxb2 Rac8 19. Bf3 Rxc1 20. Rxc1 Rc8
21. Rd1 Qf5 22. Qd4 h5 23. Bxd5 Bxd5 24. Qxd5 Qxd5 25. Rxd5 Rc1+ 26. Kh2 Rc2
27. a4 Rxf2 28. Rxh5 Rb2 29. Rb5 Re2 30. Re5 Rb2 31. Rb5 Re2 32. Kg3 Rxe3+ 33.
Kf4 Re6 34. g4 Rh6 35. Kg3 Re6 36. h4 Re4 37. Kf3 Rd4 38. a5 1/2-1/2

[Event "Kingston Invitational FIDE"]
[Site "Kingston University"]
[Date "2023.07.26"]
[Round "4.1"]
[White "Varney, Zoe"]
[Black "Makepeace, Philip J"]
[Result "1/2-1/2"]
[WhiteElo "2020"]
[BlackElo "2055"]
[PlyCount "54"]
[EventDate "2023.07.24"]
[EventType "tourn"]
[EventRounds "9"]
[EventCountry "ENG"]
[SourceTitle "BritBase"]
[Source "John Saunders"]
[SourceDate "2023.07.31"]
[SourceVersion "1"]
[SourceVersionDate "2023.07.31"]
[SourceQuality "1"]

1. e4 c6 2. d4 d5 3. Nc3 dxe4 4. Nxe4 Nd7 5. Nf3 Ngf6 6. Nxf6+ Nxf6 7. c3 Bg4
8. h3 Bxf3 9. Qxf3 e6 10. Be2 Qd5 11. O-O Qxf3 12. Bxf3 Bd6 13. Bd2 O-O 14.
Rfe1 a5 15. a4 h6 16. c4 Rfd8 17. Bc3 Bb4 18. Red1 Rd7 19. Bxb4 axb4 20. a5
Rad8 21. a6 bxa6 22. Rxa6 c5 23. d5 exd5 24. cxd5 Nxd5 25. Bg4 Nc7 26. Rxd7
Rxd7 27. Rc6 Re7 1/2-1/2

[Event "Kingston Invitational FIDE"]
[Site "Kingston University"]
[Date "2023.07.26"]
[Round "4.2"]
[White "Healey, Michael W"]
[Black "Willmoth, Robert F"]
[Result "1/2-1/2"]
[WhiteElo "2136"]
[BlackElo "2129"]
[PlyCount "102"]
[EventDate "2023.07.24"]
[EventType "tourn"]
[EventRounds "9"]
[EventCountry "ENG"]
[SourceTitle "BritBase"]
[Source "John Saunders"]
[SourceDate "2023.07.31"]
[SourceVersion "1"]
[SourceVersionDate "2023.07.31"]
[SourceQuality "1"]

1. e4 c5 2. Nc3 Nc6 3. Nge2 Nf6 4. d3 d5 5. exd5 Nxd5 6. Nxd5 Qxd5 7. Nc3 Qd7
8. Be3 b6 9. Be2 Bb7 10. O-O g6 11. Qd2 Nd4 12. Bxd4 cxd4 13. Ne4 Bg7 14. f4
O-O 15. Rae1 e6 16. Bd1 h6 17. Qf2 Bd5 18. Qh4 Qd8 19. Qh3 a5 20. Nf2 f5 21.
Qg3 Kh7 22. Bf3 Rc8 23. Re2 Re8 24. Rfe1 Qd6 25. b3 Rc7 26. h4 Bf6 27. Kh1 Bxf3
28. gxf3 Rg7 29. Nh3 Kg8 30. a4 Kf7 31. Rg2 Qd8 32. Re5 Bxh4 33. Qh2 Bf6 34.
Rb5 Qd6 35. Re2 Rc8 36. Nf2 Rgg8 37. Nd1 Rc5 38. Rxc5 Qxc5 39. Nb2 Qc6 40. Qh3
Qc7 41. Qh2 Rh8 42. Nc4 h5 43. Re5 Bxe5 44. Nxe5+ Ke8 45. Qg1 Rg8 46. Qxd4 g5
47. Nc4 gxf4 48. Qf6 Qe7 49. Qxe7+ Kxe7 50. Nxb6 Rg3 51. b4 Kd8 1/2-1/2